CONTRADICTIONS (Record no. 1085706)

MARC details
000 -LEADER
fixed length control field 00501nam a2200205Ia 4500
008 - FIXED-LENGTH DATA ELEMENTS--GENERAL INFORMATION
fixed length control field 151119s9999||||xx |||||||||||||| ||und||
082 ## - DEWEY DECIMAL CLASSIFICATION NUMBER
Classification number 820 Swa/Con
082 ## - DEWEY DECIMAL CLASSIFICATION NUMBER
Item number GKKV33410
100 ## - MAIN ENTRY--PERSONAL NAME
Personal name SWAMI ANUBHAVANANDA
245 ## - TITLE STATEMENT
Title CONTRADICTIONS
260 ## - PUBLICATION, DISTRIBUTION, ETC. (IMPRINT)
Place of publication, distribution, etc Mumbai
260 ## - PUBLICATION, DISTRIBUTION, ETC. (IMPRINT)
Name of publisher, distributor, etc Central Chinmaya Mission Trust
260 ## - PUBLICATION, DISTRIBUTION, ETC. (IMPRINT)
Date of publication, distribution, etc 1996
300 ## - PHYSICAL DESCRIPTION
Extent 40pp.
600 ## - SUBJECT ADDED ENTRY--PERSONAL NAME
Personal name SWAMI ANUBHAVANANDA
630 ## - SUBJECT ADDED ENTRY--UNIFORM TITLE
Uniform title CONTRADICTIONS
700 ## - ADDED ENTRY--PERSONAL NAME
Personal name SWAMI ANUBHAVANANDA
730 ## - ADDED ENTRY--UNIFORM TITLE
Uniform title CONTRADICTIONS
942 ## - ADDED ENTRY ELEMENTS (KOHA)
Koha item type Book
Holdings
Withdrawn status Lost status Damaged status Not for loan Home library Current library Date acquired Cost, normal purchase price Total Checkouts Full call number Barcode Date last seen Cost, replacement price Price effective from Koha item type
        G.K. Khandekar Vachanalaya, Mulund G.K. Khandekar Vachanalaya, Mulund 04/29/2014 0.00   GKKV33410 GKKV33410 11/19/2015 0.00 11/19/2015 Book